000 00684nam a2200181Ia 4500
008 170510s9999 xx 000 0 und d
100 _aBahns, Angela J.
245 _aSimilarity in relationships as niche construction: Choice, stability, and influence within dyads in a free choice environment
245 _cBahns, Angela J.; Crandall, Christian S.; Gillath, Omri; Preacher, Kristopher J.
260 _bAmerican Psychological Association
260 _c2017
300 _apages 329-355,February
440 _aJournal of Personality and Social Psychology
_v112:2
650 _aNiche construction
650 _aPersonality
650 _aSimilarity
650 _aSocial influence
999 _c329879
_d329879